000 00866nam a2200277 a 4500
001 2548496
005 20180119071659.0
008 940414s1992 enkab b 000 0 eng d
010 _a 94145751
015 _aGB93-37449
020 _a0946897484
035 _a(OCoLC)28327040
040 _aNjP
_cNjP
_dUk
_dIU
_dPPiU
_dDLC
041 0 _aengspa
042 _alccopycat
043 _an-mx---
_as------
080 _a972..01 LEO
082 0 0 _a972..01 LEO
_220
100 _a16
101 _aHIS
245 0 0 _aAncient America :
_cedited by Nicholas J. Saunders.
504 _aIncludes bibliographical references.
906 _a7
_bcbc
_ccopycat
_d2
_encip
_f19
_gy-gencatlg
942 _2ddc
_cBK
999 _c40579
_d40579